000 00330nam a2200157Ia 4500
003 RNL
008 090707b ii f a fnsan d
040 _aRCL
100 _aNoor, Sutinder Singh
245 _aKavita Rachna Virachna
260 _aDelhi
260 _bShilalekh
260 _c2009
300 _a159p.
942 _cBK
999 _c22693
_d22693